[Event "Livigno op-A 2nd"]
[Site "Livigno"]
[Date "2011.09.14"]
[Round "4"]
[White "Schwartz, Ylon"]
[Black "Naumkin, Igor"]
[Result "1/2-1/2"]
[WhiteElo "2252"]
[BlackElo "2473"]
[PlyCount "211"]
[EventDate "2011.09.12"]
[EventType "swiss"]
[EventRounds "9"]
[EventCountry "ITA"]
[SourceTitle "CBM 144 Extra"]
[Source "ChessBase"]
[SourceDate "2011.10.28"]
[SourceVersion "1"]
[SourceVersionDate "2011.10.28"]
[SourceQuality "1"]

1. e4 e6 2. d4 d5 3. Nc3 Bb4 4. e5 Ne7 5. Bd2 b6 6. Nce2 Bxd2+ 7. Qxd2 Ba6 8. Nf4 Bxf1 9. Kxf1 c5 10. Nf3 cxd4 11. Nxd4 0-0 12. Ndxe6 fxe6 13. Nxe6 Qc8 14. Nxf8 Qxf8 15. h4 Nbc6 16. Re1 Qf5 17. e6 Rf8 18. Rh3 Qg4 19. Kg1 h6 20. c3 Rf6 21. Ree3 Rxe6 22. Rhg3 Qf5 23. Rxe6 Qxe6 24. h5 Ne5 25. Qe2 Qf5 26. Re3 N7c6 27. Rg3 Kh7 28. Qd1 Qf7 29. Qc2+ Kh8 30. Qe2 Qf5 31. Qd1 Nd7 32. Rf3 Qe6 33. Re3 Qf7 34. Qe2 Nf6 35. Re6 Qd7 36. Re3 Kg8 37. b4 Kf7 38. Rf3 Qd6 39. Rf5 Qe6 40. Qf3 d4 41. Rf4 Kg8 42. b5 Ne5 43. Qa8+ Kh7 44. cxd4 Neg4 45. g3 Qxa2 46. Qc8 Qb1+ 47. Kg2 Qxb5 48. Rxg4 Nxg4 49. Qxg4 Qc6+ 50. Kg1 a5 51. Qf5+ Kg8 52. d5 Qd6 53. Qc8+ Kf7 54. Qf5+ Ke7 55. Qe4+ Kd8 56. Qd4 Qf6 57. Qc4 Qd6 58. Qd4 Qf6 59. Qc4 Kd7 60. Qb5+ Kc7 61. Qa6 Kb8 62. Qb5 Kc7 63. Qa6 Qa1+ 64. Kg2 Qd4 65. Qa8 Qc5 66. Kg1 Kd6 67. Qd8+ Ke5 68. Qd7 Qd6 69. Qxg7+ Kxd5 70. Qf7+ Qe6 71. Qf3+ Kc4 72. Qf4+ Kc5 73. g4 Qd6 74. Qe3+ Kc6 75. g5 Qd1+ 76. Kg2 Qxh5 77. Qe6+ Kc5 78. gxh6 a4 79. Qe7+ Kd4 80. Qg7+ Ke4 81. h7 Qf3+ 82. Kg1 Qd1+ 83. Kh2 Qh5+ 84. Kg1 Qd1+ 85. Kg2 Qf3+ 86. Kh2 Qh5+ 87. Kg3 Qf3+ 88. Kh4 Qxf2+ 89. Qg3 Qf6+ 90. Kh5 Qf5+ 91. Kh6 Qf8+ 92. Qg7 Qf4+ 93. Qg5 Qf8+ 94. Kh5 a3 95. Qg4+ Ke5 96. Qg5+ Ke4 97. Qg6+ Ke5 98. Qg5+ Ke4 99. Qh4+ Kd5 100. Qh1+ Kd6 101. Qd1+ Kc7 102. Qd4 Qf7+ 103. Kh6 Qe6+ 104. Kg5 Qe7+ 105. Kg6 Qe6+ 106. Kg7 1/2-1/2

[Event "Reykjavik op 22nd"]
[Site "Reykjavik"]
[Date "2006.03.14"]
[Round "9"]
[White "Bjornsson, Sverrir Orn"]
[Black "Schwartz, Ylon"]
[Result "0-1"]
[WhiteElo "2108"]
[BlackElo "2250"]
[PlyCount "80"]
[EventDate "2006.03.06"]
[EventType "swiss"]
[EventRounds "9"]
[EventCountry "ISL"]
[SourceTitle "CBM 111 Extra"]
[Source "ChessBase"]
[SourceDate "2006.05.09"]
[SourceVersion "1"]
[SourceVersionDate "2006.05.09"]
[SourceQuality "1"]

1. d4 Nf6 2. Nf3 g6 3. c4 Bg7 4. Nc3 0-0 5. e4 d6 6. Be2 Na6 7. 0-0 e5 8. Be3 Ng4 9. Bg5 Qe8 10. dxe5 dxe5 11. h3 h6 12. Bd2 Nf6 13. Be3 c6 14. a3 Nh5 15. Re1 Nf4 16. Bf1 Qe7 17. b4 Rd8 18. Qc1 Nd3 19. Bxd3 Rxd3 20. Qc2 Rd8 21. Rad1 Rxd1 22. Rxd1 Be6 23. c5 Nc7 24. Bc1 a5 25. Na4 axb4 26. axb4 Nb5 27. Bb2 Rd8 28. Rxd8+ Qxd8 29. Nb6 Nd4 30. Nxd4 exd4 31. Qd3 f5 32. Bc1 Kh7 33. Bd2 fxe4 34. Qxe4 Bf5 35. Qf3 Qg8 36. b5 Qa2 37. bxc6 Qxd2 38. cxb7 Qe1+ 39. Kh2 Be5+ 40. g3 Be4 0-1

[Event "Reykjavik op 22nd"]
[Site "Reykjavik"]
[Date "2006.03.06"]
[Round "1"]
[White "Stefansson, Hannes"]
[Black "Schwartz, Ylon"]
[Result "1-0"]
[WhiteElo "2585"]
[BlackElo "2250"]
[PlyCount "85"]
[EventDate "2006.03.06"]
[EventType "swiss"]
[EventRounds "9"]
[EventCountry "ISL"]
[SourceTitle "CBM 111 Extra"]
[Source "ChessBase"]
[SourceDate "2006.05.09"]
[SourceVersion "1"]
[SourceVersionDate "2006.05.09"]
[SourceQuality "1"]

1. d4 Nf6 2. c4 c5 3. d5 b5 4. cxb5 a6 5. bxa6 g6 6. Nc3 Bxa6 7. Nf3 d6 8. g3 Bg7 9. Bg2 0-0 10. 0-0 Nbd7 11. Rb1 Qa5 12. Qc2 Rfb8 13. Rd1 Ne8 14. Bd2 Nc7 15. a4 Qb6 16. b3 Bb7 17. e4 Na6 18. Nb5 Nb4 19. Bxb4 cxb4 20. Qd2 Ba6 21. Nfd4 Bxd4 22. Nxd4 Ne5 23. Nf3 Nxf3+ 24. Bxf3 Rc8 25. Rbc1 Qa5 26. Qe3 Rc3 27. Rxc3 bxc3 28. Rc1 Rc8 29. Bd1 Qb4 30. Bc2 Rc5 31. Ra1 Bc8 32. h4 h5 33. Kg2 e6 34. Qf4 exd5 35. Qxd6 dxe4 36. a5 Bg4 37. a6 Bf3+ 38. Kh2 e3 39. a7 Ra5 40. Qd8+ Kg7 41. Qxa5 Qxa5 42. Rxa5 exf2 43. Ra1 1-0

[Event "Internet Section 18-B"]
[Site "Dos Hermanas"]
[Date "2003.03.18"]
[Round "4"]
[White "McShane, Luke J"]
[Black "Schwartz, Ylon"]
[Result "1/2-1/2"]
[WhiteElo "2568"]
[BlackElo "2245"]
[PlyCount "52"]
[EventDate "2003.03.18"]
[EventType "swiss (blitz)"]
[EventRounds "9"]
[EventCountry "ESP"]
[SourceTitle "EXT 2004"]
[Source "ChessBase"]
[SourceDate "2003.11.25"]
[SourceVersion "1"]
[SourceVersionDate "2003.11.25"]
[SourceQuality "1"]

1. c4 Nf6 2. g3 g6 3. Bg2 Bg7 4. Nc3 0-0 5. Nf3 d6 6. 0-0 c6 7. d3 Qa5 8. h3 d5 9. Bg5 Na6 10. a3 dxc4 11. dxc4 Rd8 12. Qc1 Be6 13. Qf4 Qc5 14. b3 Nh5 15. Qc1 Nxg3 16. Be3 Bxc3 17. fxg3 Bb2 18. Bxc5 Bxc1 19. Bxe7 Be3+ 20. Kh2 Re8 21. Bf6 Nc5 22. Rab1 a5 23. Nd4 a4 24. Nxe6 Rxe6 25. b4 Ne4 26. Bxe4 Rxe4 1/2-1/2

[Event "Internet Section 18-B"]
[Site "Dos Hermanas"]
[Date "2003.03.18"]
[Round "5"]
[White "Schwartz, Ylon"]
[Black "Hebden, Mark"]
[Result "1/2-1/2"]
[WhiteElo "2245"]
[BlackElo "2515"]
[PlyCount "123"]
[EventDate "2003.03.18"]
[EventType "swiss (blitz)"]
[EventRounds "9"]
[EventCountry "ESP"]
[SourceTitle "EXT 2004"]
[Source "ChessBase"]
[SourceDate "2003.11.25"]
[SourceVersion "1"]
[SourceVersionDate "2003.11.25"]
[SourceQuality "1"]

1. e4 e5 2. Bc4 Nf6 3. d4 exd4 4. Nf3 Nc6 5. e5 d5 6. Bb5 Ne4 7. Nxd4 Bc5 8. Be3 Bd7 9. Bxc6 bxc6 10. Nd2 Qh4 11. N4f3 Qe7 12. Bxc5 Qxc5 13. 0-0 Bg4 14. Nxe4 dxe4 15. Qd4 Qxc2 16. Rac1 Qd3 17. Qc5 Qd5 18. Nd4 Qxc5 19. Rxc5 0-0 20. Re1 Rab8 21. b3 Rb4 22. Nxc6 Rb6 23. Rxe4 Be6 24. Ne7+ Kh8 25. Rxc7 a6 26. f4 g6 27. Rd4 Kg7 28. Nc6 Ra8 29. Nd8 a5 30. Nxe6+ Rxe6 31. Rdd7 Rf8 32. Ra7 g5 33. g3 gxf4 34. gxf4 Kg6 35. Rxa5 Kf5 36. Raa7 Rg8+ 37. Kf2 Kxf4 38. Rxf7+ Kxe5 39. Ra5+ Kd4 40. Rf3 Reg6 41. Ra4+ Ke5 42. Ra5+ Kd4 43. Ra4+ Ke5 44. Ke3 Rg2 45. Ra5+ Ke6 46. Rh3 R8g7 47. Rh6+ Kf7 48. Ra7+ Kg8 49. Rxg7+ Kxg7 50. Rh3 Rxa2 51. Kd4 Kg6 52. b4 h5 53. Kc5 Rc2+ 54. Kb6 Kg5 55. b5 h4 56. Kb7 Kg4 57. Rb3 Rxh2 58. b6 Rf2 59. Ka7 Ra2+ 60. Kb8 h3 61. Rxh3 Kxh3 62. b7 1/2-1/2

[Event "Balatonlelle IM"]
[Site "Balatonlelle"]
[Date "2002.06.26"]
[Round "7"]
[White "Wegener, Olaf"]
[Black "Schwartz, Ylon"]
[Result "1-0"]
[WhiteElo "2317"]
[BlackElo "2322"]
[PlyCount "85"]
[EventDate "2002.06.20"]
[EventType "tourn"]
[EventRounds "11"]
[EventCountry "HUN"]
[EventCategory "3"]
[SourceTitle "EXT 2004"]
[Source "ChessBase"]
[SourceDate "2003.11.25"]
[SourceVersion "1"]
[SourceVersionDate "2003.11.25"]
[SourceQuality "1"]

1. e4 e5 2. Nf3 Nc6 3. Bb5 Nge7 4. c3 d6 5. d4 Bd7 6. 0-0 g6 7. Qb3 Bg7 8. dxe5 dxe5 9. Bc4 0-0 10. Qxb7 Na5 11. Qa6 Nxc4 12. Qxc4 Rb8 13. Na3 Be6 14. Qc5 Qd6 15. Qxa7 f5 16. Qe3 f4 17. Qe2 h6 18. b3 Qc6 19. Nc4 Bxc4 20. Qxc4+ Qxc4 21. bxc4 Nc6 22. Rd1 Rfd8 23. Rd5 Na5 24. Nd2 Ra8 25. Kf1 Rdb8 26. Ke2 Bf8 27. Rd7 Ra7 28. Kd1 Bc5 29. Ke2 h5 30. g3 fxg3 31. hxg3 Rf8 32. f3 Rb8 33. Rd5 Bf8 34. Rb5 Rd8 35. Rab1 Nc6 36. a3 Bh6 37. Rd5 Rf8 38. Rc5 Rf6 39. Rb3 Rd6 40. Rd5 Ra8 41. Rxd6 cxd6 42. Rb6 Na5 43. Rxd6 1-0

[Event "Balatonlelle IM"]
[Site "Balatonlelle"]
[Date "2002.06.21"]
[Round "2"]
[White "Schwartz, Ylon"]
[Black "Grabics, Monika"]
[Result "0-1"]
[WhiteElo "2322"]
[BlackElo "2283"]
[PlyCount "58"]
[EventDate "2002.06.20"]
[EventType "tourn"]
[EventRounds "11"]
[EventCountry "HUN"]
[EventCategory "3"]
[SourceTitle "EXT 2004"]
[Source "ChessBase"]
[SourceDate "2003.11.25"]
[SourceVersion "1"]
[SourceVersionDate "2003.11.25"]
[SourceQuality "1"]

1. e4 c5 2. Nc3 Nc6 3. f4 g6 4. Nf3 Bg7 5. Bb5 Nd4 6. Bd3 e6 7. Nxd4 cxd4 8. Nb5 d6 9. c3 dxc3 10. dxc3 a6 11. Qa4 Ke7 12. Qa3 Rb8 13. Nd4 f5 14. e5 Kf7 15. exd6 Bf8 16. Be3 Bxd6 17. Qb3 Nf6 18. Bc4 Re8 19. a4 Ng4 20. Bd2 Kg7 21. 0-0 e5 22. fxe5 Bxe5 23. Nf3 b5 24. Nxe5 Rxe5 25. Bf4 Qb6+ 26. Kh1 bxc4 27. Bxe5+ Nxe5 28. Qa3 Qc7 29. Rfe1 Rb3 0-1

[Event "Budapest FS06 IM"]
[Site "Budapest"]
[Date "2002.06.03"]
[Round "3"]
[White "Schwartz, Ylon"]
[Black "Vegvari, Ferenc"]
[Result "1/2-1/2"]
[WhiteElo "2322"]
[BlackElo "2127"]
[PlyCount "77"]
[EventDate "2002.06.01"]
[EventType "tourn"]
[EventRounds "11"]
[EventCountry "HUN"]
[EventCategory "2"]
[SourceTitle "CBM 088 Extra"]
[Source "ChessBase"]
[SourceDate "2002.07.01"]
[SourceVersion "2"]
[SourceVersionDate "2002.07.01"]
[SourceQuality "1"]

1. e4 c5 2. Nf3 d6 3. d4 cxd4 4. Nxd4 Nf6 5. Nc3 a6 6. f4 Qc7 7. Be2 b5 8. Bf3 e5 9. Nf5 Bb7 10. 0-0 Nbd7 11. Kh1 b4 12. Nd5 Nxd5 13. exd5 g6 14. Ng3 Bg7 15. f5 0-0 16. Bg5 Rae8 17. Be4 Nc5 18. f6 Bh8 19. Nf5 h5 20. Qxh5 Nxe4 21. Nh6+ Kh7 22. Qh4 Nxf6 23. Bxf6 Bxf6 24. Rxf6 Bxd5 25. Raf1 Qc4 26. Qh3 Kg7 27. b3 Qc3 28. Qh4 Be6 29. Nxf7 Bxf7 30. R6f3 Qxf3 31. Rxf3 Bd5 32. Rxf8 Rxf8 33. h3 Rf1+ 34. Kh2 Rc1 35. Qe7+ Kh6 36. Qh4+ Kg7 37. Qe7+ Kh6 38. Qxd6 Bf7 39. Qe7 1/2-1/2

[Event "Budapest FS06 IM"]
[Site "Budapest"]
[Date "2002.06.01"]
[Round "1"]
[White "Schwartz, Ylon"]
[Black "Bui, Vinh"]
[Result "0-1"]
[WhiteElo "2322"]
[BlackElo "2420"]
[PlyCount "62"]
[EventDate "2002.06.01"]
[EventType "tourn"]
[EventRounds "11"]
[EventCountry "HUN"]
[EventCategory "2"]
[SourceTitle "CBM 088 Extra"]
[Source "ChessBase"]
[SourceDate "2002.07.01"]
[SourceVersion "2"]
[SourceVersionDate "2002.07.01"]
[SourceQuality "1"]

1. d4 d5 2. c4 e6 3. cxd5 exd5 4. Nc3 c6 5. Nf3 Bd6 6. Bg5 f6 7. Bh4 Ne7 8. e3 Bf5 9. Bg3 0-0 10. Nh4 Be6 11. Bd3 g6 12. Qb3 Bc8 13. 0-0-0 Kg7 14. e4 Rf7 15. Kb1 a5 16. Rhe1 Bxg3 17. hxg3 Na6 18. a3 Nc7 19. f3 b5 20. f4 dxe4 21. Bxe4 Be6 22. Qc2 b4 23. Na4 bxa3 24. f5 gxf5 25. Bxf5 Nxf5 26. Nxf5+ Kh8 27. Nc5 Rb8 28. Nxe6 Nxe6 29. Rxe6 Rxb2+ 30. Qxb2 axb2 31. Rde1 Rf8 0-1

[Event "Pyramiden Franken Cup 4th"]
[Site "Fuerth"]
[Date "2001.08.25"]
[Round "8"]
[White "Sikorsky, Horst"]
[Black "Schwartz, Ylon"]
[Result "0-1"]
[WhiteElo "2118"]
[BlackElo "2281"]
[PlyCount "97"]
[EventDate "2001.08.18"]
[EventType "swiss"]
[EventRounds "9"]
[EventCountry "GER"]
[SourceTitle "EXT 2010"]
[Source "ChessBase"]
[SourceDate "2010.11.25"]
[SourceVersion "1"]
[SourceVersionDate "2010.11.25"]
[SourceQuality "1"]

1. e4 c5 2. Nf3 e6 3. d3 Nc6 4. g3 g6 5. Bg2 Bg7 6. 0-0 Nge7 7. c3 0-0 8. Re1 e5 9. Nbd2 d6 10. Nc4 h6 11. a4 Be6 12. Ne3 f5 13. exf5 gxf5 14. Nh4 d5 15. Bh3 Qd7 16. Neg2 d4 17. c4 Nb4 18. b3 b6 19. Qe2 Rae8 20. Ba3 Nbc6 21. Rad1 Rf6 22. Qh5 Nc8 23. f4 Bf7 24. Bxf5 Bxh5 25. Bxd7 Rd8 26. g4 Rxd7 27. gxh5 exf4 28. Re8+ Kh7 29. Rxc8 Ne7 30. Re8 f3 31. Ne1 f2+ 32. Kf1 fxe1Q+ 33. Kxe1 Nf5 34. Nxf5 Rxf5 35. Rd2 Rdf7 36. Kd1 Rxh5 37. Rc8 Be5 38. Re2 Rf1+ 39. Kc2 Rxh2 40. Rxh2 Bxh2 41. a5 Rf2+ 42. Kb1 h5 43. Rc6 h4 44. axb6 axb6 45. Rxb6 h3 46. Bc1 Bf4 47. Bxf4 Rxf4 48. Re6 h2 49. Re1 0-1

[Event "Pyramiden Franken Cup 4th"]
[Site "Fuerth"]
[Date "2001.08.22"]
[Round "5"]
[White "Schwartz, Ylon"]
[Black "Gerl, Hans Peter"]
[Result "1-0"]
[WhiteElo "2281"]
[BlackElo "2119"]
[PlyCount "63"]
[EventDate "2001.08.18"]
[EventType "swiss"]
[EventRounds "9"]
[EventCountry "GER"]
[SourceTitle "EXT 2010"]
[Source "ChessBase"]
[SourceDate "2010.11.25"]
[SourceVersion "1"]
[SourceVersionDate "2010.11.25"]
[SourceQuality "1"]

1. d4 Nf6 2. c4 e6 3. Nf3 b6 4. Bg5 Be7 5. Nc3 Bb7 6. Qc2 c5 7. e4 cxd4 8. Nxd4 d6 9. Rd1 0-0 10. Ndb5 Ne8 11. Bf4 Nd7 12. Nxd6 Nxd6 13. Bxd6 Bxd6 14. Rxd6 Qe7 15. Rd1 a6 16. Be2 Rac8 17. 0-0 Ne5 18. Qb3 Rb8 19. Qxb6 Ba8 20. Qd4 Ng6 21. b3 Nf4 22. Bf3 f5 23. Qe3 Qc7 24. exf5 Rxf5 25. Bxa8 Rxa8 26. Ne2 e5 27. Nxf4 exf4 28. Qe6+ Rf7 29. Rd5 f3 30. Rfd1 Raf8 31. Rd7 Qb8 32. Qxf7+ 1-0

[Event "Pyramiden Franken Cup 4th"]
[Site "Fuerth"]
[Date "2001.08.21"]
[Round "4"]
[White "Kotz, Reinhard"]
[Black "Schwartz, Ylon"]
[Result "1/2-1/2"]
[WhiteElo "2126"]
[BlackElo "2281"]
[PlyCount "113"]
[EventDate "2001.08.18"]
[EventType "swiss"]
[EventRounds "9"]
[EventCountry "GER"]
[SourceTitle "EXT 2010"]
[Source "ChessBase"]
[SourceDate "2010.11.25"]
[SourceVersion "1"]
[SourceVersionDate "2010.11.25"]
[SourceQuality "1"]

1. f4 Nf6 2. b3 b6 3. Nf3 Bb7 4. e3 g6 5. Bb2 Bg7 6. Be2 0-0 7. 0-0 d6 8. c4 Nbd7 9. Qe1 e5 10. f5 Nc5 11. Nc3 e4 12. Nd4 Nfd7 13. b4 Nd3 14. Bxd3 exd3 15. Qf2 c5 16. bxc5 dxc5 17. Ndb5 Be5 18. Rae1 a6 19. Na3 Nf6 20. Qh4 Ne4 21. Qh6 Bg7 22. Qxg7+ Kxg7 23. Nxe4+ f6 24. Nxf6 Rxf6 25. fxg6 hxg6 26. Rxf6 Qxf6 27. Bxf6+ Kxf6 28. Rb1 b5 29. cxb5 axb5 30. Nxb5 Rxa2 31. Nc3 Rxd2 32. Rxb7 Rc2 33. Nb1 c4 34. Kf1 Ke5 35. h4 Ke4 36. Re7+ Kd5 37. Rb7 Ke4 38. Re7+ Kd5 39. Rb7 Kc6 40. Rb4 Kc5 41. Rb8 Kd5 42. Rd8+ Ke4 43. Re8+ Kf5 44. Rf8+ Kg4 45. Rf4+ Kg3 46. Ke1 Rxg2 47. Rxc4 Re2+ 48. Kd1 Rxe3 49. Kd2 Re2+ 50. Kxd3 Rh2 51. Rc6 Rxh4 52. Rxg6+ Kf4 53. Nd2 Kf5 54. Rg2 Rg4 55. Re2 Ra4 56. Nc4 Ra1 57. Rf2+ 1/2-1/2